CLINICAL GYNAECOLOGIC ENDOCRINOLOGY & INFERTILITY / (Record no. 795960)

MARC details
000 -LEADER
fixed length control field 00533pam a2200193 a 4500
020 ## - INTERNATIONAL STANDARD BOOK NUMBER
International Standard Book Number 0781767245
Terms of availability 5520.00
041 ## - LANGUAGE CODE
Language code of text/sound track or separate title eng
Language code of original NULL
082 ## - DEWEY DECIMAL CLASSIFICATION NUMBER
Classification number 618.1
Item number SPE/FRI
100 ## - MAIN ENTRY--PERSONAL NAME
Personal name SPEROFF, L .
245 ## - TITLE STATEMENT
Title CLINICAL GYNAECOLOGIC ENDOCRINOLOGY & INFERTILITY /
Statement of responsibility, etc. NULL.
Medium Textual Documents
250 ## - EDITION STATEMENT
Edition statement 7 /
Remainder of edition statement .
260 ## - PUBLICATION, DISTRIBUTION, ETC.
Place of publication, distribution, etc. NULL :
Name of publisher, distributor, etc. LIPPINCOTT WILLIAMS & WILKINS ,
Date of publication, distribution, etc. 2005.
300 ## - PHYSICAL DESCRIPTION
Extent 1333 :
Other physical details XI ;
Dimensions NULL .
365 ## - TRADE PRICE
Price type code 5520.00
650 ## - SUBJECT ADDED ENTRY--TOPICAL TERM
Topical term or geographic name entry element OBST.GYNE
700 ## - ADDED ENTRY--PERSONAL NAME
Personal name FRITZ, M .
930 ## - EQUIVALENCE OR CROSS-REFERENCE-UNIFORM TITLE HEADING [LOCAL, CANADA]
Uniform title 1424
Holdings
Withdrawn status Lost status Damaged status Not for loan Collection Home library Current library Date acquired Source of acquisition Cost, normal purchase price Total Checkouts Full call number Barcode Date due Date last seen Date last checked out Copy number Price effective from Koha item type
          Medical College & Hospital, Sangli Medical College & Hospital, Sangli 28/11/2011 B.M.S.G.B.PUNE 5520.00 1 618.1 SPE/FRI MCS-3898 01/10/2043 06/10/2023 06/10/2023 1 26/07/2023 Book